| 000 | 00477nam a2200193Ia 4500 | ||
|---|---|---|---|
| 003 | OSt | ||
| 005 | 20230330161156.0 | ||
| 008 | 210423s2002 xx 000 0 und d | ||
| 040 | _cAL | ||
| 041 | _aeng | ||
| 082 |
_a659.1 KUMN _223 |
||
| 100 |
_aKUMAR (N) ; MITTAL (R). _980461 |
||
| 245 | _aAdvertising management. | ||
| 260 |
_aNew Delhi _bAnmol Publications _c2002 |
||
| 300 | _avi,354 | ||
| 365 |
_b90 _cINR |
||
| 906 | _aAdvertising ; management. | ||
| 942 |
_2ddc _cBK |
||
| 999 |
_c155212 _d155212 |
||